000 00614nam a22001337a 4500
008 230607b xxu||||| |||| 00| 0 eng d
082 _a571.81
_bFAA
100 _d2001
110 _bForum of African and Arab Parliamentarians on Population and Development
245 _aReproductive Health Rights and Legislation in Eastern, Southern and Indian Ocean Islands
_bFinal Report of The Regional Workshop for Parliamentarians, Kampala International Conference Center 27-29 September 1999
260 _aKampala
_bForum of African and Arab Parliamentarians on Population and Development
300 _a64 p
942 _2ddc
_cBK
999 _c794
_d794